Оценка токсичности пород отвала ОАО "Саян-Мрамор" методом биотестирования; Проблемы геологии и освоения недр

Bibliographic Details
Parent link:Проблемы геологии и освоения недр.— 2004.— С. 765-768
Main Author: Шеремет О. А.
Other Authors: Азарова С. В. (научный руководитель)
Language:Russian
Published: 2004
Subjects:
Format: MixedMaterials Book Chapter
KOHA link:https://koha.lib.tpu.ru/cgi-bin/koha/opac-detail.pl?biblionumber=213011

MARC

LEADER 00000naa2a2200000 4500
001 213011
005 20231031193023.0
035 |a (RuTPU)RU\TPU\book\232763 
090 |a 213011 
100 |a 20120405d2004 k y0rusy50 ca 
101 0 |a rus 
102 |a RU 
200 1 |a Оценка токсичности пород отвала ОАО "Саян-Мрамор" методом биотестирования  |f О. А. Шеремет  |g науч. рук. С. В. Азарова 
320 |a Библиогр.: 3 назв. 
463 0 |0 (RuTPU)RU\TPU\book\77451  |y 5-89503-079-3  |t Проблемы геологии и освоения недр  |o труды Восьмого Международного симпозиума имени ак. М. А. Усова студентов и молодых ученых, посвященного 400-летию г. Томска, 5-9 апреля 2004 г., Томск  |f Администрация г. Томска; Томский политехнический университет  |v С. 765-768  |d 2004  |p 913 с. 
610 1 |a отвалы 
610 1 |a токсичные вещества 
610 1 |a оценка 
610 1 |a биотестирование 
610 1 |a труды учёных ТПУ 
700 1 |a Шеремет  |b О. А. 
702 1 |a Азарова  |b С. В.  |4 727 
801 1 |a RU  |b 63413507  |c 20120405 
942 |c BK